[Event "Chessable Masters Div 3 L"]
[Site "chess.com INT"]
[Date "2023.04.04"]
[Round "1.1"]
[White "Lobanov, Sergei"]
[Black "Martinez Alcantara, Jose Eduardo"]
[Result "1-0"]
[WhiteTitle "GM"]
[BlackTitle "GM"]
[WhiteElo "2536"]
[BlackElo "2607"]
[WhiteFideId "24183750"]
[BlackFideId "3805662"]
[EventDate "2023.04.04"]
[EventType "k.o."]

1. d4 Nf6 2. c4 e6 3. Nc3 Bb4 4. e3 O-O 5. Bd3 d5 6. a3 Bxc3+ 7. bxc3 dxc4 8.
Bxc4 c5 9. Ne2 b6 10. O-O Ba6 11. Bxa6 Nxa6 12. f3 Qd7 13. e4 cxd4 14. cxd4 Rfc8
15. Bg5 Ne8 16. Qb3 Nac7 17. a4 b5 18. Rfc1 bxa4 19. Qxa4 Qxa4 20. Rxa4 Nb5 21.
Rxc8 Rxc8 22. Ra5 Rb8 23. Bf4 Rb7 24. Kf2 f6 25. Ke3 Kf7 26. Kd3 Ke7 27. h4 Kd7
28. h5 Ned6 29. Nc3 Nxc3 30. Kxc3 Nc8 31. g4 Ne7 32. d5 g6 33. h6 exd5 34. exd5
g5 35. Be3 Rc7+ 36. Kd3 Kd6 37. Ke4 Nc8 38. Ra6+ Ke7 39. Re6+ Kf7 40. Bd4 Rc4
41. Rxf6+ Ke7 42. Ke5 Rc1 43. d6+ Ke8 44. Ke6 Re1+ 45. Be5 Nb6 46. Rf5 Nd7 47.
Rxg5 Nf8+ 48. Kf5 Ng6 49. Rxg6 hxg6+ 50. Kxg6 Rxe5 51. h7 Re6+ 52. Kg7 Kd8 53.
h8=Q+ Kd7 54. Qb8 Rxd6 55. Qxa7+ Ke6 56. Qe3+ Kd7 57. f4 Rc6 58. f5 Rc7 59. f6
Ra7 60. Qxa7+ Ke6 61. Qe3+ Kd5 62. f7 Kc4 63. f8=Q Kb5 64. Qfc5+ Ka6 65. Qea3+
Kb7 66. Qaa7# 1-0

[Event "Chessable Masters Div 3 L"]
[Site "chess.com INT"]
[Date "2023.04.04"]
[Round "1.2"]
[White "Martinez Alcantara, Jose Eduardo"]
[Black "Lobanov, Sergei"]
[Result "1-0"]
[WhiteTitle "GM"]
[BlackTitle "GM"]
[WhiteElo "2607"]
[BlackElo "2536"]
[WhiteFideId "3805662"]
[BlackFideId "24183750"]
[EventDate "2023.04.04"]
[EventType "k.o."]

1. e4 e5 2. Nf3 Nc6 3. Bb5 a6 4. Ba4 d6 5. c3 Bd7 6. d4 Nge7 7. Be3 Ng6 8. Nbd2
Be7 9. O-O O-O 10. Re1 exd4 11. cxd4 d5 12. e5 Nb4 13. Bxd7 Qxd7 14. Nb1 f6 15.
exf6 Bxf6 16. Nc3 Nc6 17. Rc1 Nce7 18. Qb3 b5 19. Ne4 Nf5 20. Nc5 Qf7 21. Kh1 c6
22. Nd3 Rac8 23. Nb4 Ngh4 24. Nxh4 Bxh4 25. Nd3 Nxe3 26. Rxe3 Bg5 27. Rf3 Qh5
28. Rxc6 Rcd8 29. Rxf8+ Rxf8 30. Qxd5+ Kh8 31. Qf3 Qe8 32. Re6 Qc8 33. Qe2 Bf6
34. d5 h6 35. g3 Qc4 36. Nf4 Kg8 37. Qxc4 bxc4 38. Rc6 Rb8 39. Rxc4 Rxb2 40. Ra4
Rxf2 41. Rxa6 Rd2 42. a4 Be5 43. Ng6 Bf6 44. d6 Kf7 45. Nf4 g5 46. Ra7+ Ke8 47.
d7+ Ke7 48. Ng6+ Ke6 49. g4 Bd8 50. Ra6+ Kxd7 51. Ne5+ Ke8 52. Rxh6 Bc7 53. Rh8+
Ke7 54. Rh7+ Ke6 55. Nf3 Rd1+ 56. Kg2 Bf4 57. a5 Ra1 58. a6 Ra2+ 59. Kf1 Kd5 60.
Nxg5 Rxa6 61. Rd7+ Kc4 62. Nf3 Ra2 63. Rd4+ 1-0

[Event "Chessable Masters Div 3 L"]
[Site "chess.com INT"]
[Date "2023.04.04"]
[Round "1.3"]
[White "Lobanov, Sergei"]
[Black "Martinez Alcantara, Jose Eduardo"]
[Result "0-1"]
[WhiteTitle "GM"]
[BlackTitle "GM"]
[WhiteElo "2536"]
[BlackElo "2607"]
[WhiteFideId "24183750"]
[BlackFideId "3805662"]
[EventDate "2023.04.04"]
[EventType "k.o."]

1. d4 Nf6 2. c4 e6 3. Nc3 Bb4 4. e3 O-O 5. Bd3 d5 6. a3 Bxc3+ 7. bxc3 dxc4 8.
Bxc4 c5 9. Ne2 b6 10. O-O Bb7 11. f3 Nc6 12. e4 Rc8 13. Bb5 a6 14. Ba4 h6 15.
Be3 Na5 16. Bc2 cxd4 17. cxd4 Nc4 18. Bf2 Qc7 19. Bb1 Rfd8 20. Ra2 b5 21. Qb3
Qa5 22. Rd1 Nd7 23. a4 Bc6 24. d5 exd5 25. exd5 Ba8 26. axb5 Qxb5 27. Qd3 Nf6
28. Nc3 Qe8 29. Bd4 Ne5 30. Qf5 Bxd5 31. Re2 Be6 32. Qxe5 Rxc3 33. Red2 Rcc8 34.
Qf4 Qe7 35. h4 Qb4 36. Qg3 Nh5 37. Qe5 Nf6 38. Qe3 Qe7 39. Kh2 Re8 40. Qf4 Rc4
41. Qg3 Nh5 42. Qf2 Qc7+ 43. Kg1 Rc1 44. Qe3 Rxd1+ 45. Rxd1 Rd8 46. Re1 Qc4 47.
Bb6 Rd5 48. Be4 Rd6 49. Bc5 Rd8 50. Rc1 Qb5 51. Bd4 Qb8 52. Re1 Qf4 53. Qf2 Qg3
54. Qe3 Qf4 55. Qf2 Qg3 56. Qxg3 Nxg3 57. Bf2 Nxe4 58. Rxe4 Rd1+ 59. Kh2 Rd5 60.
Rb4 a5 61. Ra4 Kh7 62. Ra3 Bd7 63. Re3 a4 64. Bg3 Be6 65. Ra3 Rd4 66. Ra2 Rc4
67. Ra1 Rc3 68. Bf4 Rb3 69. Kg3 Rb4 70. Be5 Rc4 71. Bb2 a3 72. Bxa3 Rc3 73. Bb2
Rc4 74. Be5 Rc6 75. Bf4 Bd5 76. Be3 Rg6+ 77. Kf2 Rf6 78. Re1 Re6 79. Rd1 Rf6 80.
Rxd5 Rxf3+ 0-1

[Event "Chessable Masters Div 3 L"]
[Site "chess.com INT"]
[Date "2023.04.04"]
[Round "1.1"]
[White "Alekseenko, Kirill"]
[Black "Rasulov, Vugar"]
[Result "1/2-1/2"]
[WhiteTitle "GM"]
[BlackTitle "GM"]
[WhiteElo "2686"]
[BlackElo "2510"]
[WhiteFideId "4135539"]
[BlackFideId "13402390"]
[EventDate "2023.04.04"]
[EventType "k.o."]

1. e4 e5 2. Nf3 Nf6 3. Nxe5 d6 4. Nf3 Nxe4 5. Nc3 Nxc3 6. dxc3 Be7 7. Be3 Nd7 8.
Bd3 Nc5 9. Bxc5 dxc5 10. Qe2 O-O 11. O-O-O Bd6 12. Rhe1 Qf6 13. Kb1 Bf5 14. Nd2
Bxd3 15. Qxd3 Rad8 16. Ne4 Qg6 17. g3 b6 18. c4 Rfe8 19. a3 Be7 20. Nf6+ gxf6
21. Rxe7 Qxd3 22. Rxd3 Rxe7 23. Rxd8+ Kg7 24. Kc1 Re2 25. Rd2 Re1+ 26. Rd1 Re2
27. Rf1 f5 28. Kd1 Re4 29. b3 Kf6 30. Kd2 f4 31. f3 Re5 32. gxf4 Re6 33. Rg1
Rd6+ 34. Ke3 Re6+ 35. Kf2 Rd6 36. Rg8 Rd2+ 37. Kg3 Rxc2 38. Rc8 Rc3 39. Rxc7
Rxb3 40. Rxa7 Kg6 41. f5+ Kf6 42. Rb7 Kg7 43. Kf4 Rxa3 44. Rxb6 Ra2 45. h4 Rc2
46. h5 Rxc4+ 47. Ke5 Rh4 48. f6+ Kh6 49. Kd6 Rb4 50. Rc6 Kxh5 51. Rc8 c4 52. Ke5
Rb5+ 53. Ke4 Rb4 54. Ke5 Rb3 55. f4 Rb5+ 56. Ke4 Kg6 57. Rxc4 h5 58. Rc8 Rb4+
59. Kf3 Rb3+ 60. Ke4 Kxf6 61. Rh8 Rh3 62. Rh6+ Kg7 63. Ra6 Rg3 64. f5 h4 65. Kf4
Rg1 66. Ra8 h3 67. Ra2 Rg2 68. Ra3 h2 69. Rh3 Ra2 70. Kg5 f6+ 71. Kf4 Ra4+ 72.
Kg3 Ra3+ 73. Kxh2 Rxh3+ 74. Kxh3 Kh6 75. Kh4 Kg7 76. Kg3 Kh6 77. Kg4 Kg7 78. Kf3
Kh6 79. Kg4 Kg7 80. Kf3 Kh6 81. Kg4 1/2-1/2

[Event "Chessable Masters Div 3 L"]
[Site "chess.com INT"]
[Date "2023.04.04"]
[Round "1.2"]
[White "Rasulov, Vugar"]
[Black "Alekseenko, Kirill"]
[Result "1-0"]
[WhiteTitle "GM"]
[BlackTitle "GM"]
[WhiteElo "2510"]
[BlackElo "2686"]
[WhiteFideId "13402390"]
[BlackFideId "4135539"]
[EventDate "2023.04.04"]
[EventType "k.o."]

1. e4 e5 2. Nf3 Nc6 3. Nc3 Nf6 4. d4 exd4 5. Nxd4 Bb4 6. Nxc6 bxc6 7. Bd3 d5 8.
exd5 O-O 9. O-O cxd5 10. h3 c6 11. Qf3 Rb8 12. Ne2 Re8 13. Nd4 Bd7 14. Bf4 Rb6
15. a4 Bf8 16. b3 c5 17. Nb5 Bxb5 18. axb5 Ne4 19. Rxa7 Rf6 20. Bxe4 dxe4 21.
Qe3 Qb6 22. Ra4 Qxb5 23. Rxe4 Rfe6 24. Rxe6 Rxe6 25. Qc3 g6 26. Rd1 Qb4 27. Qxb4
cxb4 28. Rd8 Kg7 29. Be3 Be7 30. Rc8 f5 31. Kf1 g5 32. Rc4 Kf6 33. g3 h6 34. Bd2
Rb6 35. Ke2 Ke6 36. Be3 Ra6 37. Bc5 Bxc5 38. Rxc5 h5 39. g4 fxg4 40. hxg4 1-0

[Event "Chessable Masters Div 3 L"]
[Site "chess.com INT"]
[Date "2023.04.04"]
[Round "1.1"]
[White "Kravtsiv, Martyn"]
[Black "Malakhov, Vladimir"]
[Result "1-0"]
[WhiteTitle "GM"]
[BlackTitle "GM"]
[WhiteElo "2598"]
[BlackElo "2650"]
[WhiteFideId "14113147"]
[BlackFideId "4120787"]
[EventDate "2023.04.04"]
[EventType "k.o."]

1. e4 e5 2. Nf3 Nc6 3. Nc3 Nf6 4. a4 a6 5. d4 exd4 6. Nxd4 Bb4 7. Nxc6 bxc6 8.
Bd3 O-O 9. O-O Rb8 10. e5 Nd5 11. Ne4 f5 12. exf6 Nxf6 13. Bg5 Be7 14. Nxf6+
Bxf6 15. Qh5 g6 16. Bxg6 Qe7 17. Bxf6 Rxf6 18. Bd3 d5 19. Rae1 Be6 20. Re3 Qf7
21. Qe5 c5 22. Bxa6 c4 23. Bb5 Rg6 24. Rg3 Bf5 25. Re1 Rxg3 26. Qxg3+ Bg6 27. h4
Qg7 28. c3 Rb6 29. Qg5 Be4 30. Rxe4 Qxg5 31. Re8+ Kf7 32. hxg5 c6 33. Bxc6 Rxc6
34. Re5 Rb6 35. Rxd5 Rxb2 36. Rc5 Kg6 37. Rxc4 Kxg5 38. g3 Ra2 39. Kg2 Ra3 40.
Kf3 h5 41. Rc5+ Kg6 42. a5 1-0

[Event "Chessable Masters Div 3 L"]
[Site "chess.com INT"]
[Date "2023.04.04"]
[Round "1.2"]
[White "Malakhov, Vladimir"]
[Black "Kravtsiv, Martyn"]
[Result "1/2-1/2"]
[WhiteTitle "GM"]
[BlackTitle "GM"]
[WhiteElo "2650"]
[BlackElo "2598"]
[WhiteFideId "4120787"]
[BlackFideId "14113147"]
[EventDate "2023.04.04"]
[EventType "k.o."]

1. e4 e5 2. Nf3 Nc6 3. Bc4 Nf6 4. d3 Bc5 5. O-O O-O 6. h3 d5 7. exd5 Nxd5 8. Re1
Be6 9. Nbd2 Bb6 10. Nb3 h6 11. Bd2 Qd6 12. Qe2 Rae8 13. Bb5 Bd7 14. c4 Nd4 15.
Nfxd4 exd4 16. Qf3 Bxb5 17. cxb5 c5 18. bxc6 bxc6 19. g3 Qd7 20. Kg2 f5 21. Rxe8
Rxe8 22. Rc1 g5 23. Qh5 Re6 24. h4 Qf7 25. Qxf7+ Kxf7 26. hxg5 hxg5 27. Bxg5 Nb4
28. Rd1 Nxa2 29. Bd2 Re5 30. Nc1 Nxc1 31. Rxc1 Rc5 32. Rxc5 Bxc5 33. f4 Kg6 34.
Kf3 Kh5 35. Be1 a6 36. Bf2 Bb6 37. g4+ fxg4+ 38. Ke4 Kg6 39. Bh4 Bc7 40. f5+ Kh5
41. Be7 g3 42. Kf3 Be5 43. b3 a5 44. Bd8 Bd6 45. Bf6 c5 46. Bd8 c4 47. dxc4 d3
48. Bxa5 Kg5 49. Bd2+ Kxf5 50. b4 Ke6 51. b5 Bc7 52. Be3 Bb8 53. c5 Kd5 54. c6
Bc7 55. Bg1 g2 56. Be3 Bd8 57. Kxg2 d2 58. Bxd2 Kc5 59. Bg5 Kxb5 60. Bxd8 Kxc6 1/2-1/2

[Event "Chessable Masters Div 3 L"]
[Site "chess.com INT"]
[Date "2023.04.04"]
[Round "1.1"]
[White "Sevian, Samuel"]
[Black "Frolyanov, Dmitry"]
[Result "1/2-1/2"]
[WhiteTitle "GM"]
[BlackTitle "GM"]
[WhiteElo "2684"]
[BlackElo "2491"]
[WhiteFideId "2040506"]
[BlackFideId "4151976"]
[EventDate "2023.04.04"]
[EventType "k.o."]

1. c4 e6 2. Nc3 d5 3. d4 c6 4. Qb3 Nf6 5. Bg5 dxc4 6. Qxc4 b5 7. Qd3 a6 8. e4 h6
9. Bh4 c5 10. e5 g5 11. Bg3 Nd5 12. Nf3 Nc6 13. dxc5 Bxc5 14. Nxd5 Qxd5 15. Qxd5
exd5 16. Rc1 Bb4+ 17. Kd1 Bd7 18. Bd3 Ba5 19. h4 g4 20. Nd2 Bb6 21. Nb3 Ne7 22.
Re1 O-O 23. Nc5 Bxc5 24. Rxc5 Rac8 25. Rxc8 Rxc8 26. Kd2 Bf5 27. Bf4 Bxd3 28.
Kxd3 Ng6 29. Bxh6 Nxh4 30. Bg5 Ng6 31. e6 Kf8 32. g3 Rc6 33. exf7 Kxf7 34. Re3
Re6 35. Kd4 Rxe3 36. fxe3 Ke6 37. e4 dxe4 38. Kxe4 Ne5 39. b3 Nf3 40. Be3 Kd6
41. Ba7 Kc6 42. Kf4 Nh2 43. Kf5 Kd5 44. Bf2 Kc6 45. Ke4 Nf3 46. Be3 Nh2 47. Ke5
Nf3+ 48. Ke6 Nh2 49. Ke7 Nf3 50. Ke6 Nh2 51. Ke5 Nf3+ 52. Kf4 Nh2 53. Bg1 Nf3
54. Be3 Nh2 55. Bg1 Nf3 56. Be3 1/2-1/2

[Event "Chessable Masters Div 3 L"]
[Site "chess.com INT"]
[Date "2023.04.04"]
[Round "1.2"]
[White "Frolyanov, Dmitry"]
[Black "Sevian, Samuel"]
[Result "0-1"]
[WhiteTitle "GM"]
[BlackTitle "GM"]
[WhiteElo "2491"]
[BlackElo "2684"]
[WhiteFideId "4151976"]
[BlackFideId "2040506"]
[EventDate "2023.04.04"]
[EventType "k.o."]

1. d4 Nf6 2. c4 e6 3. Nf3 d5 4. g3 dxc4 5. Bg2 a6 6. O-O Nc6 7. e3 Rb8 8. Nfd2
e5 9. Bxc6+ bxc6 10. dxe5 Ng4 11. Nxc4 Be6 12. Nbd2 Bb4 13. b3 h5 14. Qc2 h4 15.
Nf3 f5 16. h3 Qd5 17. e4 fxe4 18. Rd1 hxg3 19. Rxd5 gxf2+ 20. Kf1 Rxh3 21. Rd1
exf3 22. Qg6+ Kf8 23. Qxg4 Bxg4 24. Kxf2 Rh2+ 25. Kg3 Rg2+ 26. Kf4 Kg8 27. Ne3
Rf8+ 28. Ke4 f2 29. Bd2 Bxd1 30. Rxd1 Bxd2 31. Rxd2 f1=Q 32. Nxf1 Rg4+ 0-1

[Event "Chessable Masters Div 3 L"]
[Site "chess.com INT"]
[Date "2023.04.04"]
[Round "1.1"]
[White "Bluebaum, Matthias"]
[Black "Sychev, Klementy"]
[Result "1-0"]
[WhiteTitle "GM"]
[BlackTitle "GM"]
[WhiteElo "2660"]
[BlackElo "2547"]
[WhiteFideId "24651516"]
[BlackFideId "4114060"]
[EventDate "2023.04.04"]
[EventType "k.o."]

1. d4 Nf6 2. c4 e6 3. Nc3 Bb4 4. e3 O-O 5. Bd3 c5 6. Ne2 Nc6 7. O-O d5 8. cxd5
exd5 9. a3 c4 10. axb4 cxd3 11. Nf4 Nxb4 12. Nxd3 Nc6 13. b3 Bf5 14. Ba3 Re8 15.
Nf4 Qd7 16. Rc1 Bg6 17. h3 Rac8 18. Qf3 Ne4 19. Nxg6 hxg6 20. Qd1 g5 21. Na4 b6
22. Qd3 Na5 23. Bb4 Rxc1 24. Rxc1 Rc8 25. Rxc8+ Qxc8 26. Bxa5 bxa5 27. Nc5 Nd6
28. Qe2 f6 29. Qf3 Qc6 30. Qg4 Nb5 31. Qf5 Nc3 32. g3 Kf7 33. Kg2 Nb5 34. h4
gxh4 35. gxh4 Nc7 36. h5 Ne8 37. Qg6+ Ke7 38. h6 gxh6 39. Qh7+ Kf8 40. Nd7+ 1-0

[Event "Chessable Masters Div 3 L"]
[Site "chess.com INT"]
[Date "2023.04.04"]
[Round "1.2"]
[White "Sychev, Klementy"]
[Black "Bluebaum, Matthias"]
[Result "0-1"]
[WhiteTitle "GM"]
[BlackTitle "GM"]
[WhiteElo "2547"]
[BlackElo "2660"]
[WhiteFideId "4114060"]
[BlackFideId "24651516"]
[EventDate "2023.04.04"]
[EventType "k.o."]

1. e4 e6 2. d4 d5 3. Nc3 Nf6 4. Bg5 dxe4 5. Nxe4 Be7 6. Bxf6 gxf6 7. Nf3 f5 8.
Nc3 a6 9. Rg1 b5 10. Ne5 Bb7 11. Qh5 Rf8 12. O-O-O Nd7 13. Qxh7 b4 14. Ne2 Nf6
15. Qh3 Qd6 16. Nc4 Qd7 17. Nf4 O-O-O 18. Ne5 Qd6 19. Bc4 Ng4 20. Nxg4 Qxf4+ 21.
Ne3 Qxf2 22. Rgf1 Qh4 23. Qxh4 Bxh4 24. c3 bxc3 25. bxc3 Bg5 26. Rde1 f4 27. h4
Bxh4 0-1

[Event "Chessable Masters Div 3 L"]
[Site "chess.com INT"]
[Date "2023.04.04"]
[Round "1.1"]
[White "Pichot, Alan"]
[Black "Michalik, Peter"]
[Result "0-1"]
[WhiteTitle "GM"]
[BlackTitle "GM"]
[WhiteElo "2638"]
[BlackElo "2576"]
[WhiteFideId "110973"]
[BlackFideId "14907526"]
[EventDate "2023.04.04"]
[EventType "k.o."]

1. e4 e5 2. Nf3 Nc6 3. Bb5 Nf6 4. d3 Bc5 5. Bxc6 dxc6 6. O-O Qe7 7. a3 Bg4 8. h3
Bh5 9. b4 Bd6 10. Nbd2 a5 11. Bb2 axb4 12. axb4 O-O 13. g4 Bg6 14. Nc4 Nd7 15.
Nxd6 cxd6 16. Re1 f6 17. Nh4 d5 18. Qd2 Nb6 19. exd5 Nxd5 20. c3 Qd7 21. Ng2 Nb6
22. Red1 Rxa1 23. Bxa1 Rd8 24. Qe3 Nc4 25. Qc5 b5 26. Ne1 e4 0-1

[Event "Chessable Masters Div 3 L"]
[Site "chess.com INT"]
[Date "2023.04.04"]
[Round "1.2"]
[White "Michalik, Peter"]
[Black "Pichot, Alan"]
[Result "1-0"]
[WhiteTitle "GM"]
[BlackTitle "GM"]
[WhiteElo "2576"]
[BlackElo "2638"]
[WhiteFideId "14907526"]
[BlackFideId "110973"]
[EventDate "2023.04.04"]
[EventType "k.o."]

1. d4 Nf6 2. c4 e6 3. Nf3 d5 4. Nc3 dxc4 5. e3 a6 6. a4 b6 7. Bxc4 Bb7 8. O-O
Bb4 9. Qb3 a5 10. Bb5+ Nbd7 11. Ne5 O-O 12. Nc6 Bxc6 13. Bxc6 Rc8 14. Nb5 e5 15.
Na7 Rb8 16. Bb5 c5 17. Nc6 Qc7 18. Nxb8 Rxb8 19. Qc2 1-0

[Event "Chessable Masters Div 3 L"]
[Site "chess.com INT"]
[Date "2023.04.04"]
[Round "2.1"]
[White "Anton Guijarro, David"]
[Black "Shimanov, Aleksandr"]
[Result "1-0"]
[WhiteTitle "GM"]
[BlackTitle "GM"]
[WhiteElo "2690"]
[BlackElo "2581"]
[WhiteFideId "2285525"]
[BlackFideId "4198603"]
[EventDate "2023.04.04"]
[EventType "k.o."]

1. e4 e6 2. d4 d5 3. Nc3 Bb4 4. e5 c5 5. a3 Bxc3+ 6. bxc3 Qa5 7. Bd2 Qa4 8. h4
Ne7 9. h5 h6 10. Nf3 c4 11. Nh4 Nbc6 12. g3 Bd7 13. Bh3 O-O-O 14. O-O Rdg8 15.
Ra2 g6 16. Qf3 Rh7 17. Ng2 Nf5 18. Bxf5 gxf5 19. Bf4 a6 20. Qe3 Rgh8 21. Rb1 b5
22. Qd2 Kb7 23. Ne3 Ka8 24. f3 Qa5 25. Kf2 Ne7 26. Rg1 Nc8 27. g4 Nb6 28. gxf5
exf5 29. a4 Be6 30. Nd1 Nxa4 31. Qc1 Qb6 32. Qa3 Re8 33. Ne3 Qd8 34. Qb4 Qh4+
35. Bg3 Qe7 36. Qa5 Qa7 37. Rb1 Rb8 38. Bf4 Rhh8 39. Rb4 Rb7 40. Rb1 Rbb8 41.
Rba1 Rb7 42. Rxa4 bxa4 43. Nxd5 Rc8 44. Ne3 Bd7 45. Bxh6 Rh8 46. Bf4 Rxh5 47.
Nxc4 Rb5 48. Qd8+ Rb8 49. Qf6 Rhh8 50. Ne3 Be6 51. Rxa4 Rbc8 52. Ra3 a5 53. Nxf5
a4 54. Nd6 Rc6 55. Qxh8+ 1-0

[Event "Chessable Masters Div 3 L"]
[Site "chess.com INT"]
[Date "2023.04.04"]
[Round "2.1"]
[White "Vallejo Pons, Francisco"]
[Black "Martinez Alcantara, Jose Eduardo"]
[Result "1-0"]
[WhiteTitle "GM"]
[BlackTitle "GM"]
[WhiteElo "2712"]
[BlackElo "2607"]
[WhiteFideId "2205530"]
[BlackFideId "3805662"]
[EventDate "2023.04.04"]
[EventType "k.o."]

1. e4 e5 2. Nf3 Nf6 3. Nc3 Nc6 4. g3 Bb4 5. Bg2 Bxc3 6. dxc3 d6 7. Qe2 h6 8. b3
Bg4 9. h3 Be6 10. Bb2 Qe7 11. O-O-O a5 12. a4 Nd7 13. Nd2 Nb6 14. Nf1 O-O-O 15.
Ne3 Kb8 16. c4 Nd7 17. f4 f6 18. f5 Bf7 19. Nd5 Qf8 20. g4 b6 21. h4 Kb7 22. Kb1
Nc5 23. Bc1 Nd4 24. Qf2 Qe8 25. Be3 Nc6 26. g5 Nd7 27. g6 Bxd5 28. cxd5 Na7 29.
Bf1 Ra8 30. h5 Kc8 31. Rh4 Kd8 32. Kc1 Ke7 33. Kd2 Qc8 34. Ke1 Qb7 35. Be2 Rhb8
36. Rg4 Rh8 37. Kf1 Nc5 38. Kg1 Nc8 39. Kh2 Na7 40. Kg1 Nc8 41. Bf1 Na7 42. Kh2
Nc8 43. Kg1 Na7 44. Bc4 Nc8 45. Qe2 Na7 46. Kg2 Nc8 47. Kf3 Na7 48. Ra1 Nc8 49.
Rgg1 Na7 50. Rgd1 Rhd8 51. Qd2 Rh8 52. Bxc5 bxc5 53. Qxa5 Rhb8 54. Ba6 Qb6 55.
Qxb6 cxb6 56. Ke3 Kd8 57. c3 Kc7 58. b4 Nc6 59. dxc6 Rxa6 60. Kd3 Ra7 61. b5
Rba8 62. Kc4 Ra5 63. Rd2 Rd8 64. Kd5 Re8 65. Raa2 Re7 66. Kc4 Re8 67. Rxd6 Kxd6
68. Rd2+ Kc7 69. Rd7+ Kc8 70. Rxg7 Rxa4+ 71. Kd5 Ra1 72. Rf7 Rd1+ 73. Kc4 Re1
74. Rxf6 Rd8 75. g7 Rxe4+ 76. Kb3 Rg4 77. Rg6 Rxg6 78. hxg6 e4 79. f6 e3 80. f7
e2 81. g8=Q e1=Q 82. Qxd8+ Kxd8 83. f8=Q+ Kc7 84. Qf7+ Kd6 85. Qd7+ 1-0

[Event "Chessable Masters Div 3 L"]
[Site "chess.com INT"]
[Date "2023.04.04"]
[Round "2.1"]
[White "Alonso Rosell, Alvar"]
[Black "Rasulov, Vugar"]
[Result "1-0"]
[WhiteTitle "GM"]
[BlackTitle "GM"]
[WhiteElo "2566"]
[BlackElo "2510"]
[WhiteFideId "2270544"]
[BlackFideId "13402390"]
[EventDate "2023.04.04"]
[EventType "k.o."]

1. d4 Nf6 2. c4 e6 3. Nf3 c5 4. d5 exd5 5. cxd5 d6 6. Nc3 g6 7. h3 Bg7 8. Bf4
O-O 9. e3 Na6 10. Bxa6 bxa6 11. Rc1 Re8 12. Nd2 a5 13. Nc4 Ne4 14. Nxe4 Rxe4 15.
Bg3 Ba6 16. Nxd6 Rb4 17. b3 a4 18. Nc4 axb3 19. axb3 Bxc4 20. bxc4 a5 21. O-O a4
22. d6 Bb2 23. Qd5 Bxc1 24. Rxc1 Rab8 25. d7 R8b7 26. Rd1 a3 27. Bh4 Rxd7 28.
Bxd8 Rxd5 29. Rxd5 Kg7 30. Rd6 Ra4 31. Bf6+ Kh6 32. Rd2 Rxc4 33. Ra2 Ra4 34. Kf1
g5 35. Ke2 Kg6 36. Be7 Ra5 37. Kd3 Kf5 38. Kc4 g4 39. hxg4+ Kxg4 40. Bxc5 1-0

[Event "Chessable Masters Div 3 L"]
[Site "chess.com INT"]
[Date "2023.04.04"]
[Round "2.2"]
[White "Rasulov, Vugar"]
[Black "Alonso Rosell, Alvar"]
[Result "0-1"]
[WhiteTitle "GM"]
[BlackTitle "GM"]
[WhiteElo "2510"]
[BlackElo "2566"]
[WhiteFideId "13402390"]
[BlackFideId "2270544"]
[EventDate "2023.04.04"]
[EventType "k.o."]

1. e4 c6 2. d4 d5 3. e5 c5 4. dxc5 e6 5. Qg4 h5 6. Qg3 h4 7. Qg4 Nh6 8. Bxh6
Rxh6 9. Nf3 Nd7 10. Nc3 Nxc5 11. O-O-O Bd7 12. Rd4 Rc8 13. Kb1 Qa5 14. Ng5 Be7
15. Be2 Na6 16. Nxf7 Kxf7 17. Nxd5 exd5 18. Qxd7 Qc5 19. c3 Rb6 20. Rc1 g6 21.
Rxh4 Kg7 22. Rd4 Qa3 23. Rd2 Rc7 24. Qxd5 Bg5 25. Bg4 Bxd2 26. Qxd2 Nc5 27. e6
Qa4 28. Bd1 Qe4+ 29. Bc2 Qxe6 30. h4 Rd7 31. Qf4 Nd3 32. Bxd3 Rxd3 33. h5 Qf5
34. Qb8 Rd1+ 0-1

[Event "Chessable Masters Div 3 L"]
[Site "chess.com INT"]
[Date "2023.04.04"]
[Round "2.1"]
[White "Svane, Rasmus"]
[Black "Kravtsiv, Martyn"]
[Result "1/2-1/2"]
[WhiteTitle "GM"]
[BlackTitle "GM"]
[WhiteElo "2621"]
[BlackElo "2598"]
[WhiteFideId "4657101"]
[BlackFideId "14113147"]
[EventDate "2023.04.04"]
[EventType "k.o."]

1. Nf3 d5 2. g3 Nf6 3. Bg2 e6 4. c4 Be7 5. d4 O-O 6. Nc3 c6 7. O-O a5 8. Bf4
dxc4 9. Ne5 Nd5 10. Nxc4 Nd7 11. Rc1 Nxf4 12. gxf4 Nb6 13. Nxb6 Qxb6 14. Na4 Qd8
15. e3 Rb8 16. Qb3 Bd6 17. Nc5 Bc7 18. Kh1 Kh8 19. Qd1 Bd7 20. Nxd7 Qxd7 21. Qh5
f5 22. Rg1 Rf6 23. Qe2 Rg8 24. Bf3 Rh6 25. Rg5 Bd8 26. Rg2 g5 27. fxg5 Rxg5 28.
Rxg5 Bxg5 29. Rg1 Rg6 30. Bh5 Rg7 31. f4 Bd8 32. Rxg7 Kxg7 33. Bf3 Kf8 34. Qg2
Qg7 35. Qf1 Qe7 36. a3 Qh4 37. Kg2 Qe7 38. Qc4 Ke8 39. b4 axb4 40. axb4 Kf8 41.
b5 cxb5 42. Qxb5 b6 43. Qc6 Qe8 44. Qb7 Qe7 45. Qc8 Kg7 46. Be2 Kf6 47. Bc4 Bc7
48. Qh8+ Qg7+ 49. Qxg7+ Kxg7 50. Bxe6 Kf6 51. Bd7 Bd6 52. Kf3 Ba3 53. h3 h6 54.
Kf2 Bb2 55. Ke1 Bc1 56. Ke2 Ba3 57. Kd2 Bb2 58. Kc2 Ba3 59. Kd3 Bb4 60. Bc6 Ba3
61. Ba4 Bb4 62. e4 fxe4+ 63. Kxe4 Bd2 64. f5 Bc3 65. Bc2 Bb2 66. Kd5 Bc3 67. Kc4
Bb2 68. Be4 b5+ 69. Kc5 b4 70. d5 Ke5 71. Bb1 b3 72. Kc4 Bc1 73. Kc5 Ba3+ 74.
Kc4 b2 75. Kb3 Be7 76. Kxb2 Kxd5 77. Kc1 Ke5 78. Kd1 1/2-1/2

[Event "Chessable Masters Div 3 L"]
[Site "chess.com INT"]
[Date "2023.04.04"]
[Round "2.2"]
[White "Kravtsiv, Martyn"]
[Black "Svane, Rasmus"]
[Result "1-0"]
[WhiteTitle "GM"]
[BlackTitle "GM"]
[WhiteElo "2598"]
[BlackElo "2621"]
[WhiteFideId "14113147"]
[BlackFideId "4657101"]
[EventDate "2023.04.04"]
[EventType "k.o."]

1. e4 e5 2. Nf3 Nc6 3. Nc3 Nf6 4. a4 Bb4 5. Bd3 O-O 6. O-O d6 7. Nd5 a5 8. c3
Bc5 9. Bc2 Be6 10. d4 Nxd5 11. exd5 Bxd5 12. dxc5 dxc5 13. Ng5 f5 14. Qd2 h6 15.
Rd1 Bc4 16. b3 Ba6 17. Ne6 Qh4 18. Nxf8 Rxf8 19. Qd5+ Kh7 20. Qxc5 Rf6 21. Qe3
e4 22. Qf4 Qh5 23. Be3 Rg6 24. Rd7 Qh3 25. g3 Be2 26. f3 exf3 27. Kf2 Qg2+ 28.
Ke1 Ba6 29. Kd1 Qh1+ 30. Kd2 Qxh2+ 31. Kc1 Qxg3 32. Bxf5 Qxf4 33. Bxf4 f2 34.
Kd2 f1=Q 35. Rxf1 Bxf1 36. Rxc7 Ba6 37. Ke3 h5 38. c4 h4 39. Rd7 h3 40. Kf2 h2
41. Bxh2 Kh6 42. Bf4+ Kh5 43. Bxg6+ Kxg6 44. Bd2 Kf5 45. Rxg7 Nd4 46. Rg3 Nc6
47. Re3 b6 48. Rh3 Nd4 49. Re3 Bb7 50. Bc1 Be4 51. Bb2 Ne6 52. Rg3 Nc5 53. Bd4
Nd7 54. Ke3 Bc2 55. Kd2 Be4 56. Kc3 Bc6 57. Re3 Be4 58. Re1 Bc6 59. Re7 Kg5 60.
Re6 Bb7 61. Bxb6 Kf5 62. Rd6 Bc8 63. Bxa5 Ke5 64. Bc7 Kf5 65. b4 1-0